00946nam a2200217Ia 4500003000400000005001700004008004100021020001800062040000900080082002000089100003700109245006200146260003200208300000900240650001400249942004600263952013000309952014200439952013000581999001700711OSt20250505151133.0190216s9999||||xx |||||||||||||| ||und|| a9788171301324 coclc a894.8121bRAM/K aRamakrishnan, Kadammanitta97486 0aKadammanittayude Kavithakal /cKadammanitta Ramakrishnan  bDc Books,aKottayam:c2005. a300p aKavithkal cBK2ddch894.8121iRAM/Kk894.8121mRAM/K 00102ddc40708POEaMESbMEScMALd2019-02-20g100.00l0o894.8121 RAM/Kp29799r2019-02-20 00:00:00w2019-02-20yBKzGR2R3 00102ddc40708POEaMESbMEScMALd2019-02-20g100.00l1o894.8121 RAM/Kp31747r2022-07-08 00:00:00s2022-06-24w2019-02-20yBKzGR2R3 00102ddc40708POEaMESbMEScMALd2023-10-28l0o894.8121 RAM/Kp43019r2023-10-28 13:20:21v380.00w2023-10-28yBKzGR2R3 c28536d28536